IX Memorias Encuentro Nacional de Comisionistas / (Registro nro. 8068)

Detalles MARC
000 -LEADER
fixed length control field 01859nam a2200193Ia 4500
003 - CONTROL NUMBER IDENTIFIER
control field OSt
005 - DATE AND TIME OF LATEST TRANSACTION
control field 20210722113215.0
008 - FIXED-LENGTH DATA ELEMENTS--GENERAL INFORMATION
fixed length control field 210310s1994 ck ad gr 100 0 spa d
040 ## - CATALOGING SOURCE
Original cataloging agency CO-JMCR
Transcribing agency CO-JMCR
041 0# - LANGUAGE CODE
Language code of text/sound track or separate title spa
082 04 - DEWEY DECIMAL CLASSIFICATION NUMBER
Classification number 332.6322 /
Item number E562m
Edition number 23
111 2# - MAIN ENTRY--MEETING NAME
Meeting name or jurisdiction name as entry element Encuentro Nacional de Comisionistas
Date of meeting or treaty signing (1994 :
Location of meeting Cartagena)
9 (RLIN) 38642
245 10 - TITLE STATEMENT
Title IX Memorias Encuentro Nacional de Comisionistas /
260 ## - PUBLICATION, DISTRIBUTION, ETC.
Place of publication, distribution, etc. Cartagena :
Name of publisher, distributor, etc. Bolsa de Occidente : Bolsa de Bogotá : Bolsa de Medellín,
Date of publication, distribution, etc. 1994
300 ## - PHYSICAL DESCRIPTION
Extent 132 páginas :
Other physical details ilustraciones y gráficas a blanco y negro ;
Dimensions 28 cm.
505 0# - FORMATTED CONTENTS NOTE
Title Discurso de instalación al IX Encuentro Nacional de Comisionistas de Bolsa /
Statement of responsibility Dr. Guillermo Perry Rubio, Ministro de Hacienda y Crédito Público
Title La economía y el mercado bursátil: desafíos y responsabilidades /
Statement of responsibility Dr. Carlos Caballero Argáez, Presidente de la Bolsa de Bogotá
Title La ética y la autorregulación de las Bolsas como elemento indispensable en el desarrollo del mercado /
Statement of responsibility Licenciado Julián Bernal Molina, Presidente de la Academia Mexicana de Derecho Bursátil y de los Mercados Financieros
Title Oportunidades y consideraciones en la creación y promoción de los fondos de valores /
Statement of responsibility Dr. Oscar Falleroni, Presidente de la Cámara Argentina de Fondos Comunes de Inversión y Gerente General de Cifeba
Title Palabras del Doctor Julián Domínguez /
Statement of responsibility Julián Domínguez, Presidente de la Bolsa de Occidente S.A
Title Estrategias para el desarrollo de un mercado bursátil emergente /
Statement of responsibility Dr. Pablo Yrarrázabal Valdés, Presidente de la Bolsa de Comercio de Santiago de Chile
Title Intervención del Señor Presidente de la Bolsa de Valores de Medellín /
Statement of responsibility Luis Fernando Uribe Restrepo
Title Discurso del Nuevo Superintendente de Valores /
Statement of responsibility Dr. Andrés Uribe Arango
650 14 - SUBJECT ADDED ENTRY--TOPICAL TERM
Topical term or geographic name entry element Bolsa de valores
9 (RLIN) 16246
Form subdivision Congresos, conferencias, etc.
Geographic subdivision Colombia
942 ## - ADDED ENTRY ELEMENTS (KOHA)
Source of classification or shelving scheme Dewey Decimal Classification
Koha item type Books
Existencias
Withdrawn status Lost status Source of classification or shelving scheme Damaged status Not for loan Collection code Home library Current library Date acquired Source of acquisition Full call number Barcode Date last seen Copy number Koha item type
    Dewey Decimal Classification     Non-fiction Biblioteca Pública José María del Castillo y Rada Biblioteca Pública José María del Castillo y Rada 04/15/2018 Donación 332.6322 / E562m 430003197 05/16/2024 Ej.1 Books